Statistics for Guess the 1970s song lyrics #260

Click here to take the quiz!

General Stats

  • This quiz has been taken 7 times
  • The average score is 96 of 175

Answer Stats

Answer% Correct
a
86%
And
86%
and
86%
be
86%
love
86%
the
86%
all
71%
but
71%
can
71%
can't
71%
do
71%
it
71%
It
71%
me
71%
my
71%
no
71%
No
71%
of
71%
On
71%
Once
71%
so
71%
So
71%
take
71%
to
71%
too
71%
you
71%
your
71%
Your
71%
end
57%
eyes
57%
how
57%
let
57%
Let
57%
may
57%
more
57%
now
57%
Oh
57%
oh
57%
out
57%
us
57%
will
57%
Will
57%
alone
43%
alright
43%
Close
43%
forever
43%
Forever
43%
Lovers
43%
need
43%
never
43%
we're
43%
We're
43%
wind
43%
window
43%
with
43%
begin
29%
begins
29%
bother
29%
calm
29%
cry
29%
dear
29%
dream
29%
forgotten
29%
grow
29%
help
29%
hold
29%
Learn
29%
light
29%
Long
29%
old
29%
ours
29%
Outside
29%
pretend
29%
rain
29%
Roses
29%
sea
29%
story's
29%
Through
29%
told
29%
windows
29%
All's
14%
cast
14%
cave
14%
Neath
14%
Owe
14%
seasons
14%
shore
14%
waves
14%

Score Distribution

Percentile by Number Answered

Percent of People with Each Score

Your Score History

You have not taken this quiz